[Event "2015: The Year Of Dogecoin"]
[Site "SchemingMind.com"]
[Date "2015.01.03"]
[Round "-"]
[White "pigeon"]
[Black "emvarela"]
[Result "0-1"]
[WhiteCountry "GBR"]
[BlackCountry "ARG"]
[WhiteElo "1141"]
[WhiteRD "67"]
[BlackElo "1660"]
[BlackRD "50"]
[GameID "372150"]

1. b3 e5 2. e3 d5 3. Nf3 Nc6 4. Bb5 Bg4 5. h3 Bxf3 6. Qxf3 Nf6 7. Nc3 a6 8. Bf1 Nb4 9. Kd1 e4 10. Qg3 Qd6
11. Qxd6 Bxd6 12. a3 Nc6 13. g4 O-O 14. Bb2 Be5 15. Be2 d4 16. Na4 dxe3 17. Bxe5 Nxe5 18. f4 Nf3 19. Nc5 Nxd2 20. Rb1 Nxb1
21. Re1 Nc3+ 22. Kc1 Nxe2+ 23. Rxe2 b6 24. Nb7 Nd5 25. Rd2 exd2+ 26. Kxd2 Nxf4 27. Ke3 Nxh3 28. Kxe4 Rfe8+ 29. Kf3 Ng5+ 30. Kf4 h6
31. b4 Re4+ 32. Kg3 Re3+ 33. Kf4 Rae8 34. Nd8 R8e4+ 35. Kf5 Rf3#
0-1

[Event "2015: The Year Of Dogecoin"]
[Site "SchemingMind.com"]
[Date "2014.12.30"]
[Round "-"]
[White "Eric Caesar"]
[Black "pigeon"]
[Result "1-0"]
[WhiteCountry "NED"]
[BlackCountry "GBR"]
[WhiteElo "1936"]
[WhiteRD "79"]
[BlackElo "1176"]
[BlackRD "64"]
[GameID "372151"]

1. d4 e6 2. Nf3 f6 3. e4 Ne7 4. c4 d5 5. Nc3 Nbc6 6. Be3 g5 7. Bd3 Bg7 8. O-O g4 9. Nh4 dxe4 10. Bxe4 f5
11. Bxc6+ bxc6 12. g3 O-O 13. Qd2 Rb8 14. b3 Ng6 15. Nxg6 Rf6 16. Nf4 Rh6 17. f3 gxf3 18. Rxf3 Qf6 19. Rd1 Qf8 20. Rff1 Ba6
21. Nd3 Qf6 22. Ne5 Rd8 23. Bxh6 Bxh6 24. Qe2 f4 25. gxf4 Qg7+ 26. Kh1 Kf8 27. Rg1 Qf6 28. Ng4 Qh4 29. Qxe6 Bc8 30. Qf6+ Qxf6
31. Nxf6 Bxf4 32. Nxh7+ Ke7 33. Rde1+ Kf7 34. Ref1 Rxd4 35. Ne2 Bh3 36. Rxf4+ Rxf4 37. Nxf4 Bf5 38. Ng5+ Ke7 39. h4 Kf6 40. h5
1-0

[Event "2015: The Year Of Dogecoin"]
[Site "SchemingMind.com"]
[Date "2014.12.30"]
[Round "-"]
[White "Scooter"]
[Black "pigeon"]
[Result "1-0"]
[WhiteCountry "USA"]
[BlackCountry "GBR"]
[WhiteElo "1778"]
[WhiteRD "45"]
[BlackElo "1176"]
[BlackRD "64"]
[GameID "372152"]

1. d4 d6 2. Nf3 Bf5 3. Bf4 Nd7 4. e3 Be4 5. Nbd2 Bxf3 6. Nxf3 Ndf6 7. Be2 c6 8. O-O Qa5 9. c4 Qh5 10. h3 Ne4
11. Nd2 Qf5 12. Bg4 Qa5 13. Nxe4 h5 14. Be2 Qf5 15. Ng3 Qd7 16. Nxh5 g6 17. Ng3 Bh6 18. Bxh6 Nxh6 19. b4 b6 20. Qc2 f5
21. Qc3 Rf8 22. a4 a5 23. d5 c5 24. bxc5 bxc5 25. Qg7 Nf7 26. Qxg6 O-O-O 27. Qxf5 Nh6 28. Qxd7+ Rxd7 29. Rab1 Kc7 30. Rb5 Ra8
31. Rfb1 Rc8 32. Nh5 Kd8 33. g4 e5 34. g5 Nf5 35. Bg4 Ne7 36. Bxd7 Kxd7 37. Rxa5 Nf5 38. Ra7+ Kd8 39. Nf6 Nh4 40. Rd7#
1-0

[Event "2015: The Year Of Dogecoin"]
[Site "SchemingMind.com"]
[Date "2014.12.31"]
[Round "-"]
[White "John Hamer"]
[Black "pigeon"]
[Result "1-0"]
[WhiteCountry "ENG"]
[BlackCountry "GBR"]
[WhiteElo "2062"]
[WhiteRD "57"]
[BlackElo "1176"]
[BlackRD "64"]
[GameID "372153"]

1. d4 e6 2. c4 Qf6 3. Nf3 h6 4. Nc3 Bb4 5. Bd2 Nc6 6. e3 b6 7. Bd3 Nge7 8. O-O Bd6 9. Ne4 Qf5 10. Nxd6+ cxd6
11. Bxf5 Nxf5 12. d5 exd5 13. cxd5 Nce7 14. e4 Nd4 15. Nxd4 Ba6 16. Re1 O-O 17. Qa4 Bb7 18. Qxd7 Ba6 19. Qxe7 Rfe8 20. Qxd6 Bd3
21. Nf5 Rad8 22. Qg3 Bb5 23. Qxg7#
1-0

[Event "2015: The Year Of Dogecoin"]
[Site "SchemingMind.com"]
[Date "2015.01.03"]
[Round "-"]
[White "pigeon"]
[Black "eun77"]
[Result "1-0"]
[WhiteCountry "GBR"]
[BlackCountry "ISR"]
[WhiteElo "1141"]
[WhiteRD "67"]
[BlackElo "1293"]
[BlackRD "54"]
[GameID "372154"]

1. e3 e5 2. Qf3 Qf6 3. Qe4 Nc6 4. b4 Bxb4 5. c3 Bd6 6. Qf3 Qxf3 7. gxf3 Nf6 8. Nh3 b6 9. Bg2 O-O 10. Na3 Ba6
11. c4
1-0

[Event "2015: The Year Of Dogecoin"]
[Site "SchemingMind.com"]
[Date "2014.12.30"]
[Round "-"]
[White "pigeon"]
[Black "ray winteringham"]
[Result "0-1"]
[WhiteCountry "GBR"]
[BlackCountry "ENG"]
[WhiteElo "1176"]
[WhiteRD "64"]
[BlackElo "1478"]
[BlackRD "50"]
[GameID "372155"]

1. Nf3 d5 2. d4 Bg4 3. Ne5 Be6 4. Bf4 c6 5. Nd2 Nf6 6. f3 g6 7. g4 Bg7 8. c3 O-O 9. e3 Nbd7 10. Nxd7 Nxd7
11. e4 b5 12. Qb3 dxe4 13. Qc2 exf3 14. Nxf3 Bxg4 15. Nh4 e6 16. Qg2 Qxh4+ 17. Kd2 Bf5 18. Bg3 Bh6+ 19. Ke1 Qg5 20. Bd6 Rfe8
21. Bg3 e5 22. d5 cxd5 23. Qxd5 Qe3+ 24. Be2 Bg4 25. Qd3 Red8 26. Qxb5 Nc5 27. Bf2 Nd3+ 28. Kf1 Qxe2+ 29. Kg1 Qxf2#
0-1

[Event "2015: The Year Of Dogecoin"]
[Site "SchemingMind.com"]
[Date "2014.12.30"]
[Round "-"]
[White "pigeon"]
[Black "bobbassbone"]
[Result "1-0"]
[WhiteCountry "GBR"]
[BlackCountry "ENG"]
[WhiteElo "1176"]
[WhiteRD "64"]
[BlackElo "1534"]
[BlackRD "56"]
[GameID "372156"]

1. d3 c6 2. c3 d5 3. Nf3 Nf6 4. h3 h6 5. Nbd2 Bf5 6. g4 Bd7 7. Qb3 Qc7 8. Ne5 e6 9. f4 Bd6 10. Ndf3 Na6
11. d4 c5 12. Nxd7 Nxd7 13. Qa4 O-O 14. f5 Bg3+ 15. Kd1 Nf6 16. dxc5 Nxc5 17. Qd4 Nce4 18. Be3 Qc4 19. Qd3 Qxd3+ 20. exd3 Nc5
21. Bxc5
1-0

[Event "2015: The Year Of Dogecoin"]
[Site "SchemingMind.com"]
[Date "2014.12.30"]
[Round "-"]
[White "pigeon"]
[Black "Stephen Woodhouse"]
[Result "0-1"]
[WhiteCountry "GBR"]
[BlackCountry "ENG"]
[WhiteElo "1176"]
[WhiteRD "64"]
[BlackElo "1891"]
[BlackRD "50"]
[GameID "372157"]

1. e3 e5 2. Qf3 Nf6 3. d3 d5 4. Qg3 Nc6 5. c4 e4 6. d4 Nh5 7. Nh3 Nxg3 8. hxg3 Nb4 9. Kd1 Bg4+ 10. Be2 Bxe2+
11. Kxe2 Nc2 12. Kd2 Nxa1 13. Kc3 c5 14. b3 cxd4+ 15. Kb2 Bb4 16. Kxa1 dxe3 17. Bxe3 d4 18. Bc1 Qa5 19. Rd1 O-O-O 20. a3 Bc3+
21. Ka2 f6 22. Nf4 Rhe8 23. a4 a6 24. Ne2 b5 25. Nbxc3 dxc3 26. Rf1 bxa4 27. bxa4 Qxa4+ 28. Ba3 Rd2+ 29. Kb1 Qc2+ 30. Ka1 Qa2#
0-1